Statistics for Things that start with A

Click here to take the quiz!

General Stats

  • This quiz has been taken 47 times
  • The average score is 9 of 13

Answer Stats

Answer% Correct
Apple
98%
America
95%
Asparagus
95%
Armadillo
93%
Arby
88%
Alligator
85%
Artichoke
78%
Avocado
73%
Aardvark
66%
Astronaut
63%
Anchovy
37%
Arizona
17%
Acadia National Park
7%

Score Distribution

Percentile by Number Answered

Percent of People with Each Score

Your Score History

You have not taken this quiz